000 00591cam a2200205 4500500
005 20260329002719.0
041 _afre
042 _adc
100 1 0 _aTenaillon, Nicolas
_eauthor
245 0 0 _aÉloge de l’ami
260 _c2013.
500 _a12
690 _aAmitié
690 _aAndré Comte-Sponville
690 _aLa Boétie
690 _ales Essais
690 _aMontaigne
786 0 _nPhilosophie magazine | 69 | 5 | 2013-05-01 | p. 50-50 | 1951-1787
856 4 1 _uhttps://shs.cairn.info/magazine-philosophie-magazine-2013-5-page-50?lang=fr&redirect-ssocas=7080
999 _c1817687
_d1817687